| 000 -ლიდერი |
| ფიქსირებული სიგრძის საკონტროლო ველი |
01165nam a2200229Ia 4500 |
| 001 - საკონტროლო ნომერი |
| საკონტროლო ველი |
23645 |
| 003 - საკონტროლო ნომრის იდენტიფიკატორი |
| საკონტროლო ველი |
GE_BSU |
| 005 - ბოლო ოპერაციის თარიღი და დრო |
| საკონტროლო ველი |
20230418114809.0 |
| 008 - ფიქსირებული სიგრძის მონაცემთა ელემენტები - ზოგადი ინფორმაცია |
| ფიქსირებული სიგრძის საკონტროლო ველი |
181216s1976ge xx |||||||||||||| ||geo|| |
| 040 ## - კატალოგიზაციის წყარო |
| Transcribing agency |
GE_BSU |
| 041 ## - ენის კოდი |
| Language code of text/sound track or separate title |
geo |
| 080 ## - უნივერსალური ათობითი კლასიფიკაციის ინდექსი |
| Universal Decimal Classification number |
94(479.22)(093უცხ.)(075.8) + 930.2(38) ყ-36 |
| 100 ## - მთავარი ჩანაწერი - პიროვნების სახელი |
| Personal name |
ყაუხჩიშვილი, თ. |
| 9 (RLIN) |
17649 |
| 245 ## - ცნობა სათაურის შესახებ |
| Title |
საქართველოს ისტორიის ძველი ბერძნული წყაროები : |
| Remainder of title |
დამხმ. სახელმძღვ. სტუდენტებისათვის / |
| Statement of responsibility, etc |
თ.ყაუხჩიშვილი, რედ. აკ. ურუშაძე. |
| 264 ## - წარმოების, გამოცემის, დისტრიბუციის და სხვა ცნობები |
| გამოცემის, წარმოების, დისტრიბუციის... ადგილი |
თბილისი : |
| გამოცემის, წარმოების, დისტრიბუციის... სახელწოდება |
თბილ. უნ-ტის გამ-ბა, |
| გამოცემის, წარმოების, დისტრიბუციის... თარიღი |
1976. |
| 300 ## - ფიზიკური აღწერა |
| Extent |
296 გვ. ; |
| Other physical details |
22 სმ.. |
| 501 ## - შენიშვნა თანმხლებ მასალაზე |
| With note |
საძიებლები: გვ. 264-294. |
| 653 ## - INDEX TERM--UNCONTROLLED |
| Uncontrolled term |
საქართველოს ისტორიის ძველი ბერძნული წყაროები |
| 653 ## - INDEX TERM--UNCONTROLLED |
| Uncontrolled term |
ისტორია |
| 700 ## - ADDED ENTRY--PERSONAL NAME |
| Personal name |
ურუშაძე, აკ |
| Relator term |
რედაქტორი |
| 9 (RLIN) |
16070 |
| 942 ## - ADDED ENTRY ELEMENTS (KOHA) |
| Koha item type |
წიგნი |
| Source of classification or shelving scheme |
|